Catalogue de la Bibliothèque de l'ENSA

Rapport préliminaire concernant les essais de variétès des principales espèces de plantes fourragères (1966-1969)£] [[Preliminary report concerning trials of principal varieties of fodder species (1966-1969)] (notice nᵒ 8814)

détails MARC
000 -LEADER
fixed length control field 00508nam a2200133Ia 4500
008 - FIXED-LENGTH DATA ELEMENTS--GENERAL INFORMATION
fixed length control field 160105s9999 xx 000 0 und d
041 ## - LANGUAGE CODE
Language code of text/sound track or separate title fre
100 ## - MAIN ENTRY--PERSONAL NAME
Personal name BRYSSINE, P.
245 ## - TITLE STATEMENT
Title Rapport préliminaire concernant les essais de variétès des principales espèces de plantes fourragères (1966-1969)£] [[Preliminary report concerning trials of principal varieties of fodder species (1966-1969)]
260 ## - PUBLICATION, DISTRIBUTION, ETC.
Date of publication, distribution, etc 1968
654 ## - SUBJECT ADDED ENTRY--FACETED TOPICAL TERM
General subdivision METHODE D'AMELIORATION/ESSAI
773 ## - HOST ITEM ENTRY
Title Al Awamia (MA)
942 ## - ADDED ENTRY ELEMENTS (KOHA)
Koha item type Article
Source of classification or shelving scheme Universal Decimal Classification
Exemplaires
Withdrawn status Lost status Damaged status Use restrictions Not for loan Home library Current library Cost, normal purchase price Shelving control number Total Checkouts Total Renewals Total Holds Full call number Barcode Cost, replacement price Koha item type
          Bibliothèque Centrale Bibliothèque Centrale 0.00         BC_PH3874 BC_PH3874 0.00 Article

Adresse: Ecole Nationale Supérieure Agronomique Hassen Badi - El Harrach Alger, Algérie

Tél +213 (0) 23 82 85 07+213 (0) 23 82 85 12 Fax +213 23 82 85 03/04 Courriel: bibliotheque@edu.ensa.dz